Assessment of Existing Internet Censorship Mechanism of Pakistan and Development of Strategic Framework for its Effectiveness / (Record no. 540536)

000 -LEADER
fixed length control field 00506nam a22001337a 4500
082 ## - DEWEY DECIMAL CLASSIFICATION NUMBER
Classification number 620.005
245 ## - TITLE STATEMENT
Title Assessment of Existing Internet Censorship Mechanism of Pakistan and Development of Strategic Framework for its Effectiveness /
Statement of responsibility, etc. Saba Afaq.
260 ## - PUBLICATION, DISTRIBUTION, ETC.
Place of publication, distribution, etc. Islamabad :
Name of publisher, distributor, etc. CEME - NUST,
Date of publication, distribution, etc. 2017.
300 ## - PHYSICAL DESCRIPTION
Extent 110 p. : ill. ;
Dimensions 30cm.
650 ## - SUBJECT ADDED ENTRY--TOPICAL TERM
Topical term or geographic name entry element Engineering Management - MS Theses.
700 ## - ADDED ENTRY--PERSONAL NAME
Personal name Sup: Dr. Nawar Khan.
942 ## - ADDED ENTRY ELEMENTS (KOHA)
Source of classification or shelving scheme
Koha item type Thesis
650 ## - SUBJECT ADDED ENTRY--TOPICAL TERM
-- 34601
700 ## - ADDED ENTRY--PERSONAL NAME
-- 34603
Holdings
Withdrawn status Lost status Source of classification or shelving scheme Damaged status Not for loan Permanent Location Current Location Shelving location Date acquired Total Checkouts Full call number Barcode Date last seen Price effective from Koha item type
          Central Library (CL) Central Library (CL) Reference 10/27/2020   620.005 CL-T-775 10/27/2020 10/27/2020 Thesis
© 2023 Central Library, National University of Sciences and Technology. All Rights Reserved.